LEADER 01981nam 2200373 450 001 9910688361303321 005 20230630090810.0 024 7 $a10.5772/intechopen.74885 035 $a(CKB)5400000000046024 035 $a(NjHacI)995400000000046024 035 $a(EXLCZ)995400000000046024 100 $a20230630d2020 uy 0 101 0 $aeng 135 $aur||||||||||| 181 $ctxt$2rdacontent 182 $cc$2rdamedia 183 $acr$2rdacarrier 200 00$aApplied Geochemistry with Case Studies on Geological Formations, Exploration Techniques and Environmental Issues /$fedited by Luis Felipe Mazadiego, Fernando Barrio-Parra, Miguel Izquierdo-Diaz 210 1$aLondon :$cIntechOpen,$d2020. 215 $a1 online resource (140 pages) $cillustrations 311 $a1-78985-916-6 330 $aGeochemistry has become an essential subject to understand our origins and face the challenges that humanity will meet in the near future. This book presents several studies that have geochemistry as their central theme, from the description of different geological formations, through its use for the characterization of contaminated sites and their possible impact on ecosystems and human health, as well as the importance of geochemical techniques as a complement to other current scientific disciplines. Through the different chapters, the reader will be able to approach the world of geochemistry in several of its subfields (e.g. environmental, isotope, or biogeochemistry) and learn through practical cases. 606 $aGeochemistry 615 0$aGeochemistry. 676 $a551.9 702 $aMazadiego$b Luis Felipe 702 $aBarrio-Parra$b Fernando 702 $aIzquierdo-Diaz$b Miguel 801 0$bNjHacI 801 1$bNjHacl 906 $aBOOK 912 $a9910688361303321 996 $aApplied Geochemistry with Case Studies on Geological Formations, Exploration Techniques and Environmental Issues$92096453 997 $aUNINA